Consideration of amendment of the Building Regulations (Record no. 113463)
[ view plain ]
| 000 -LEADER | |
|---|---|
| fixed length control field | 01020cad a22002175a 4500 |
| 001 - CONTROL NUMBER | |
| control field | L155297 |
| 008 - FIXED-LENGTH DATA ELEMENTS--GENERAL INFORMATION | |
| fixed length control field | 120314s2012 xxk f000 0 eng u |
| 020 ## - INTERNATIONAL STANDARD BOOK NUMBER | |
| International Standard Book Number | 9781409833093 |
| 035 ## - SYSTEM CONTROL NUMBER | |
| System control number | (Sirsi) u155297 |
| 041 ## - LANGUAGE CODE | |
| Language code of text/sound track or separate title | eng |
| 110 ## - MAIN ENTRY--CORPORATE NAME | |
| Corporate name or jurisdiction name as entry element | United Kingdom |
| Subordinate unit | HM Government |
| 9 (RLIN) | 5056 |
| 245 ## - TITLE STATEMENT | |
| Title | Consideration of amendment of the Building Regulations |
| Remainder of title | Approved Document A (Structure) |
| -- | freestanding masonry walls |
| -- | 2004 initial impact assessment |
| Medium | [electronic resource] |
| 260 ## - PUBLICATION, DISTRIBUTION, ETC. | |
| Place of publication, distribution, etc. | London |
| Name of publisher, distributor, etc. | HM Government |
| Date of publication, distribution, etc. | 2012 |
| 520 ## - SUMMARY, ETC. | |
| Summary, etc. | The proposal under consideration is that the construction of all freestanding masonry walls in England and Wales be brought under the control of the Building Regulations. |
| 590 ## - LOCAL NOTE (RLIN) | |
| Local note | KA |
| 650 ## - SUBJECT ADDED ENTRY--TOPICAL TERM | |
| Topical term or geographic name entry element | BUILDING REGULATIONS |
| 9 (RLIN) | 6224 |
| 651 #4 - SUBJECT ADDED ENTRY--GEOGRAPHIC NAME | |
| Geographic name | England and Wales |
| Chronological subdivision | 1543- |
| 690 ## - LOCAL SUBJECT ADDED ENTRY--TOPICAL TERM (OCLC, RLIN) | |
| Topical term or geographic name as entry element | Building regulations |
| 9 (RLIN) | 6224 |
| 856 40 - ELECTRONIC LOCATION AND ACCESS | |
| Uniform Resource Identifier | <a href="https://www.communities.gov.uk/documents/planningandbuilding/pdf/2076724.pdf">https://www.communities.gov.uk/documents/planningandbuilding/pdf/2076724.pdf</a> |
| Public note | View the Consideration of amendment free of charge at www.planningportal.gov.uk |
| 942 ## - ADDED ENTRY ELEMENTS (KOHA) | |
| Suppress in OPAC | 0 |
| Withdrawn status | Lost status | Source of classification or shelving scheme | Damaged status | Not for loan | Home library | Current library | Shelving location | Date acquired | Total Checkouts | Full call number | Barcode | Date last seen | Copy number | Price effective from | Koha item type |
|---|---|---|---|---|---|---|---|---|---|---|---|---|---|---|---|
| Dewey Decimal Classification | Virtual | Virtual | Online | 14/03/2012 | ONLINE PUBLICATION | 155297-2001 | 06/08/2019 | 1 | 06/08/2019 | Book |